Formas de volver a casa de Alejandro Zambra. Guía de lectura.
Wedi'i Gadw mewn:
| Prif Awdur: | |
|---|---|
| Fformat: | Anhysbys |
| Iaith: | Saesneg |
| Cyhoeddwyd: |
[Lugar de publicación no identificado]:
ResumenExpress.com,
2018.
|
| Pynciau: | |
| Tagiau: |
Ychwanegu Tag
Dim Tagiau, Byddwch y cyntaf i dagio'r cofnod hwn!
|
MARC
| LEADER | 00000 a2200000 4500 | ||
|---|---|---|---|
| 003 | CL-VaPUC | ||
| 005 | 20230823171149.0 | ||
| 008 | 230814t2018 ||||| |||| 00| 0 eng d | ||
| 999 | |c 441532 |d 441530 | ||
| 020 | |a 9782806298515 | ||
| 040 | |c Pontificia Universidad Católica de Valparaíso | ||
| 082 | |2 22 |a Ch863 ZAM 2018 | ||
| 100 | |9 884165 |a Casallas Torres, Camilo |e autor | ||
| 245 | |a Formas de volver a casa de Alejandro Zambra. |b Guía de lectura. | ||
| 260 | |a [Lugar de publicación no identificado]: |b ResumenExpress.com, |c 2018. | ||
| 300 | |a 64 páginas. | ||
| 583 | |k GC |c 20230814 | ||
| 600 | 0 | |9 559916 |a Zambra Infantas, Alejandro, |d 1975- |e Escritor chileno |t Formas de volver a casa |v Crítica e interpretación | |
| 650 | 0 | |a Dictadura militar |x Novela chilena |9 884166 | |
| 942 | |2 ddc |c BK | ||
| 952 | |0 0 |1 0 |2 ddc |4 0 |6 CH_863_000000000000000_ZAM_2018 |7 0 |8 A |9 591200 |a BIBCUR |b BIBCUR |c GEN |d 2023-08-09 |e 1 |g 12722.00 |i 5658372 |o Ch863 ZAM 2018 |p 5658372 |r 2025-04-22 |t 1 |v 12722.00 |w 2023-08-09 |y BK |k PER | ||